Las Maras salvadoreñas: nuevas formas de espanto y control social /

En el artículo se reflexiona el nuevo rostro generador de miedo, entre la ciudadanía salvadoreña, el cual es producto de una presencia sistemática en el discurso político institucional, difundido a través de los medios de comunicación masiva, que, además, se ha transnacionalizado. Las maras se han c...

Descripció completa

Guardat en:
Dades bibliogràfiques
Autor principal: Martel Trigueros, Roxana
Format: Text
Matèries:
Etiquetes: Afegir etiqueta
Sense etiquetes, Sigues el primer a etiquetar aquest registre!

MARC

LEADER 00000 a a2200000 04500
001 5225
003
040
100 |a Martel Trigueros, Roxana  
245 |a Las Maras salvadoreñas:   |b nuevas formas de espanto y control social /  |c Roxana Martel Trigueros 
520 |a En el artículo se reflexiona el nuevo rostro generador de miedo, entre la ciudadanía salvadoreña, el cual es producto de una presencia sistemática en el discurso político institucional, difundido a través de los medios de comunicación masiva, que, además, se ha transnacionalizado. Las maras se han convertido en tema de debates académicos, pero sobre todo en la "anomalía" que los gobiernos de la región centroamericana, de México y de Estados Unidos pretenden penalizar o, en términos de Foucault, disciplinar. Pero para comprender mejor la complejidad de este fenómeno, se busca vincular la realidad de las pandillas con los acontecimientos históricos de El Salvador, porque, de esta manera, los procesos para construir una cultura autoritaria, anclada en el miedo, se presentan de forma hilvanada  
650 |a PANDILLAS  
650 |a DISCURSOS  
650 |a MEDIOS DE COMUNICACIONES DE MASAS  
650 |a VIOLENCIA  
650 |a CONTROL SOCIAL  
650 |a DELINCUENCIA JUVENIL  
650 |a EL SALVADOR  
650 |a HOMICIDIO  
773 |g volumen 61, número 696; páginas 957-979  
999 |c 20931  |d 20931 
773 0 |0 18723  |9 2696  |a Universidad Centroamericana José Simeón Cañas (UCA)  |d San Salvador, El Salvador Universidad Centroamericana José Simeón  |o 02298  |t ECA: